ORTHOPAEDIC CLINICS (HIP) (Record no. 26828)

MARC details
000 -LEADER
fixed length control field 00381nam a22001697a 4500
003 - CONTROL NUMBER IDENTIFIER
control field SGT
020 ## - INTERNATIONAL STANDARD BOOK NUMBER
International Standard Book Number 9789389261813
082 ## - DEWEY DECIMAL CLASSIFICATION NUMBER
Classification number 617.3
Item number O20K
100 ## - MAIN ENTRY--PERSONAL NAME
Personal name KAPOOR, SUDHIR K.
245 ## - TITLE STATEMENT
Title ORTHOPAEDIC CLINICS (HIP)
250 ## - EDITION STATEMENT
Edition statement 1ST
260 ## - PUBLICATION, DISTRIBUTION, ETC. (IMPRINT)
Place of publication, distribution, etc INDIA
Name of publisher, distributor, etc CBS PUB
Year of Publication 2020
300 ## - PAGE DESCRIPTION
No. of Pages 120
650 ## - SUBJECT ADDED ENTRY--TOPICAL TERM
Topical term or geographic name as entry element ORTHOPEADICS
653 ## - KEYWORDS--INDEX TERM
Keyword term ORTHOPAEDIC CLINICS (HIP)
942 ## - ADDED ENTRY ELEMENTS (KOHA)
Source of classification or shelving scheme Dewey Decimal Classification
Koha item type Books
Holdings
Withdrawn status Lost status Source of classification or shelving scheme Damaged status Not for loan Collection code Home library Current library Shelving location Date acquired Vendor Name SGTU Total Checkouts Full call number Accession No. (Barcode) Date last seen Bill Date Koha item type
    Dewey Decimal Classification   Not For Loan MEDICAL SGT Medical Library SGT Medical Library Reference Book 27/08/2024 COMP SGTU   617.3 O20K FM14422 27/08/2024 27/08/2024 Books